| 000 | 00515nam a2200181Ia 4500 | ||
|---|---|---|---|
| 999 |
_c30180 _d30180 |
||
| 003 | OSt | ||
| 005 | 20260306112926.0 | ||
| 008 | 190216s9999||||xx |||||||||||||| ||und|| | ||
| 020 | _a9788126427758 | ||
| 040 | _coclc | ||
| 082 |
_a894.8129 _bUMA/O |
||
| 100 |
_aUmadathan, B _98458 |
||
| 245 | 0 |
_aOru Police Surgeonte Ormakurippukal / _cB Umadathan |
|
| 260 |
_bD C Books, _c2018. _aKottayam: |
||
| 300 | _a292p | ||
| 650 | _aMalayalam | ||
| 942 |
_cBK _2ddc _h894.8129 _iUMA/O _k894.8129 _mUMA/O |
||